30 Famous People from Portugal - Statistics

General Stats
  • This quiz has been taken 244 times
    60 since last reset
  • The average score is 13 of 30
Answer Stats
Hint Answer % Correct
Nicknamed CR7, he is widely regarded as one of the greatest football players in history Cristiano Ronaldo
92%
Explorer who was the first European to reach India by sea Vasco de Gama
87%
Sailor and adventurer who led the first expedition to make a successful circumnavigation of the globe Ferdinand Magellan
77%
Footballer who played as a midfielder for Sporting, Barcelona, Real Madrid and Inter Luis Figo
68%
Prime Minister of Portugal from 1932-1968 who kept Portugal neutral during WWII Antonio de Oliveira Salazar
64%
Nicknamed the Black Panther, considered as one of the greatest footballers of all time Eusebio
60%
Football manager who has achieved success with Porto, Inter, Real Madrid and Chelsea Jose Mourinho
58%
Politician serving as the 9th secretary-general of the UN Antonio Guterres
53%
Singer who was born in Canada to Portuguese parents and whose famous songs is I'm Like a Bird Nelly Furtado
53%
King of Portugal from 1385 to 1433 who has a role in Portugal's victory in a succession war with Castile John I
51%
Writer and recipient of the 1998 Nobel Prize in Literature Jose Saramago
45%
Navigator and explorer regarded as the European discoverer of Brazil Pedro Alvares Cabral
45%
Canadian born singer whose father is from Portugal and who dated Camila Cabello Shawn Mendes
45%
Portugal’s greatest poet whose best known work is the epic The Lusiads Luis de Camoes
42%
Explorer who was the first European to sail around the southernmost tip of Africa in 1488 Bartolomeu Dias
38%
Singer who popularized the fado genre of music and become its most noted exponent Amalia Rodrigues
36%
Olympic, World and European triple jump champion Nelson Evora
36%
Singer who won the Eurovision Song Contest 2017 Salvador Sobral
36%
Best Futsal Player of the World in 2010, 2014, 2015, 2016, 2017 and 2018 Ricardinho
32%
First Portuguese king who created an independent nation from the Kingdom of Galicia Afonso I
30%
Actress who played NCIS Special Agent Kensi Blye in NCIS: Los Angeles Daniela Ruah
30%
Marathon runner who was the first sportswoman from Portugal to win Olympic gold Rosa Mota
30%
Writer who was sceptical of democracy and socialism but became a critic of fascism Fernando Pessoa
28%
Prince who is regarded as the main initiator of what would be known as the Age of Discovery Henry the Navigator
28%
Fado singer born as Marisa dos Reis Nunes in Mozambique Mariza
28%
Basketball player who was NBA Champion with Boston Celtics in 2024 Neemias Queta
19%
Model and actress who was a Victoria's Secret Angel and Giorgio Armani beauty ambassador Sara Sampaio
19%
Leader of the Portuguese Communist Party from 1961 to 1992 who was very supportive of the USSR Alvaro Cunhal
17%
Actress who played Fabienne in Pulp Fiction, the girlfriend of Butch Coolidge (Bruce Willis) Maria De Medeiros
8%
Female basketball player regarded as one of the best point guards of all time Ticha Penicheiro
8%
No matching quizzes found
Score Distribution
Percent of People with Each Score
Percentile by Number Answered
Your Score History
You have not taken this quiz since the last reset